Responses for show #4226 - Monday, January 6, 2003

2003 Holiday Kids Week game 1.

Contestants

Max Wagner, an eleven-year-old from Bedford, New York

Ina Jazic, an eleven-year-old from Bolingbrook, Illinois

Ben Gammage, an eleven-year-old from San Diego, California

Jeopardy! Round responses

QUEENS
LET'S GO TO THE MOVIES
DON'T TRY THIS AT HOME
CLIP ART
THE FUTURE OF AMERICA
(Alex: That's what you are.)
VOCABULARY TEST
    $200 23
(Alex: Less than a minute now.)

Queen Elizabeth II

Max
    $200 3
Harry Potter and the Chamber of Secrets

Max
    $200 16
earthquake

Max
    $200 11
graduation

Max
    $200 21
the Super Bowl

Max
    $200 2
nanny

Ina
    $400 27
[buzzer sounds to end the round]

Sweden

Ina
    $400 4
Mrs. Clause

Max
    $400 17
cobra

Max
    $400 12
the Hare

Max
    $400 22
(Max: What is 2012?)

2013 (January 20th)

BenMax
    $400 8
neighbor

Ina
    $600 5
the Powerpuff Girls

Max
    $600 18
Niagara Falls

Max
    $600 13
director

Max
    $600 24
the space shuttle

Ina
    $600 9
diameter

Max
    $800 6
Lilo & Stitch

Max
    $800 19
the Sun

Max
    $800 14
scrolls

Max
    $800 25
(Max: What is 800?)
(Ina: What is 400 million?)

300 million

InaMax
Triple Stumper
    $800 10
hemisphere

Ben
    $1000 7
Spy Kids 2

Max
    $1000 20
volcano

Ben
    $1000 15
oak

Max
    $1,000 26
Lewis & Clark

Ina
    $1000 1
antonym

Max

Scores at the first commercial break (after clue 15):

Ben Ina Max
$800 $600 $7,600

Scores at the end of the Jeopardy! Round:

Ben Ina Max
$2,200 $1,800 $8,800

Double Jeopardy! Round responses

BODY LANGUAGE
I WANT TO BE A FIREFIGHTER
SHE'S IN CHARGE
PRO SPORTS TEAMS
WHEN THEY WERE YOUNG
PROVERBS
    $400 10
brain

Ina
    $400 19
pole

Ben
    $400 11
Oprah Winfrey

Max
    $400 12
New York Yankees

Max
    $400 23
Orville Wright

Max
    $400 1
haste

Ben
    $800 9
pupil

Ben
    $800 20
roll

Max
    $800 17
Xerox

Max
    $800 13
Los Angeles Lakers

Max
    $800 24
Steven Spielberg

Max
    $800 2
silence

Ina
    $1200 8
(Max: What is the shinbone?)

thighbone

InaMax
    $1200 21
arsonist

Ben
    $1200 18
Pepsi

Ben
    $1200 14
Oakland Raiders

Ina
    $1200 25
Pope John Paul II

Max
    $1200 3
angels

Ina
    $6,000 7
the kidneys

Ina
    $1600 22
(Alex: Minute to go, Ben.)

ladder truck

Triple Stumper
    $1600 28
Avon

Ben
    $1600 15
the Mighty Ducks of Anaheim

Max
    $1600 26
tennis

Max
    $3,800 4
money

Ina
    $2000 6
aorta

Ina
    $2000 29
foam

Triple Stumper
    $2000 30
Hewlett-Packard

Max
    $2000 16
San Diego Padres

Max
    $2000 27
Colin Powell

Max
    $2000 5
(Max: What is a taker?)

borrower

BenMax

Scores at the end of the Double Jeopardy! Round:

Ben Ina Max
$9,800 $18,400 $20,400

[wagering suggestions for these scores]

Final Jeopardy! Round responses

STATE CAPITALS
BenWhat is
$9,799
InaWhat is
$18,400
MaxWhat is Juneau?
$16,400
Juneau, Alaska or Honolulu, Hawaii

Final scores:

Ben Ina Max
$1 $0 $36,800
2nd place: $2,000 + a Hewlett-Packard desktop computer 3rd place: $1,000 + a Hewlett-Packard desktop computer Winner

Game dynamics:

Coryat scores:

Ben Ina Max
$9,800 $11,800 $20,400
10 R,
0 W
13 R
(including 3 DDs),
1 W
31 R,
4 W

Combined Coryat: $42,000

The J! Archive is created by fans, for fans. The Jeopardy! game show and all elements thereof, including but not limited to copyright and trademark thereto, are the property of Jeopardy Productions, Inc. and are protected under law. This website is not affiliated with, sponsored by, or operated by Jeopardy Productions, Inc. Join the discussion at JBoard.tv.